01006nam a22002297a 45000010005000000030006000050050017000110080041000280400029000690500015000980820009001131000024001222450045001462600041001913000041002324900028002735050007003015200408003085210020007165210021007367000019007573876FISKH20240521160738.0240520b cb ||||| |||| 00| 0 eng d aFISK beng cFISKdFISK  aPZ7.K2518  a813  aKehret Peg d1936-  aThe funny face fight / bCarolyn Keene  aNew York : bMinstrel Books, c1996  a72 pages : billustrations ;c20 cm  aNancy drew v14 number  aK  aA FUNNY FACE IS NO JOKE! The race is on for president of Nancy's class, and three kids are in the running: Vicki Wolf, Jessie Shapiro, and Mike Minelli. But taking sides seems to mean making enemies, and now someone's playing dirty. Who put the silly mustache on the campaign poster? Nancy has to find out before election day because everybody's getting upset . . . and if everybody's mad, nobody wins! 8 a570 bLexile 8 aK bRaz-plus  aCarolyn Keene